书目信息 |
| 题名: |
建筑环境与设备工程专业
|
|
| 作者: | 张寅平 , 潘毅群 , 王馨 编著 | |
| 分册: | ||
| 出版信息: | 北京 中国建筑工业出版社 2005.01 |
|
| 页数: | 274页 | |
| 开本: | 26cm | |
| 丛书名: | 高等学校专业英语系列教材 | |
| 单 册: | ||
| 中图分类: | H31-43 | |
| 科图分类: | ||
| 主题词: | 建筑学--jian zhu xue--环境科学--英语--高等学校--教材 , 房屋建筑设备--fang wu jian zhu she bei--英语--高等学校--教材 | |
| 电子资源: | ||
| ISBN: | 7-112-06643-3 | |
| 000 | 01315nam 2200325 450 | |
| 001 | CAL 012005025057 | |
| 005 | 20050629163234.11 | |
| 010 | @a7-112-06643-3@dCNY 25.00 | |
| 099 | @aCAL 012005025057 | |
| 100 | @a20050202d2005 ekmy0chiy0121 ea | |
| 101 | 0 | @achi@aeng |
| 102 | @aCN@b110000 | |
| 105 | @ay z 000yy | |
| 200 | 1 | @a建筑环境与设备工程专业@Ajian zhu huan jing yu she bei gong cheng zhuan ye@f张寅平,潘毅群,王馨编著@Fzhang yin ping,pan yi qun,wang xin bian zhu |
| 210 | @a北京@c中国建筑工业出版社@d2005.01 | |
| 215 | @a274页@d26cm | |
| 225 | 2 | @a高等学校专业英语系列教材@Agao deng xue xiao zhuan ye ying yu xi lie jiao cai |
| 330 | @a本书内容系统、表述清晰、图表精美、语言规范,是通暖空调制冷领域难得的专业英语阅读材料库。全书每课均有习题并附有参考答案。 | |
| 333 | @a读者对象:建筑环境专业与设备工程专业及其相关专业研究生及本科生。 | |
| 410 | 0 | @12001 @a高等学校专业英语系列教材 |
| 606 | 0 | @a建筑学@Ajian zhu xue@x环境科学@x英语@x高等学校@j教材 |
| 606 | 0 | @a房屋建筑设备@Afang wu jian zhu she bei@x英语@x高等学校@j教材 |
| 690 | @aH31-43@v4 | |
| 701 | 0 | @a张寅平@Azhang yin ping@4编著 |
| 701 | 0 | @a潘毅群@Apan yi qun@4编著 |
| 701 | 0 | @a王馨@Awang xin@4编著 |
| 801 | 0 | @aCN@b北京图书大厦@c20050629 |
| 905 | @a10447@dH31-43@eZ230 | |
| 906 | @dCNY25.00@n0@r1 | |
| 998 | @aBJP | |
| 建筑环境与设备工程专业/张寅平,潘毅群,王馨编著.-北京:中国建筑工业出版社,2005.01 |
| 274页;26cm.-(高等学校专业英语系列教材) |
| 使用对象:读者对象:建筑环境专业与设备工程专业及其相关专业研究生及本科生。 |
| ISBN 7-112-06643-3:CNY 25.00 |
| 本书内容系统、表述清晰、图表精美、语言规范,是通暖空调制冷领域难得的专业英语阅读材料库。全书每课均有习题并附有参考答案。 |
| ● |
| 相关链接 |
|
|
|
正题名:建筑环境与设备工程专业
索取号:H31-43/Z230
 
预约/预借
| 序号 | 登录号 | 条形码 | 馆藏地/架位号 | 状态 | 备注 |
| 1 | 537375 | 205373754 | 语言库209/209语言库 93排4列3层/ [索取号:H31-43/Z230] | 在馆 | |
| 2 | 537376 | 205373763 | 语言库209/209语言库 93排4列3层/ [索取号:H31-43/Z230] | 在馆 | |
| 3 | 537377 | 205373772 | 语言库209/209语言库 93排4列3层/ [索取号:H31-43/Z230] | 在馆 |